[Event "Stay Safe Play From Home 241"]
[Site "Emanuel Lasker Arena"]
[Date "2020.06.21"]
[Round "1"]
[White "Mepe_Nika"]
[Black "Konmos"]
[Result "1-0"]
[WhiteElo "2375"]
[BlackElo "1697"]
[Annotator "TA"]
[PlyCount "43"]
[EventDate "2020.06.21"]
[EventType "swiss (blitz)"]

{[%evp 9,43,36,74,50,50,50,56,47,54,60,100,69,202,199,245,155,194,87,94,58,160,153,162,141,212,38,915,897,975,962,1231,1049,1354,1333,7434,4640]} 1. d4 e5 2. dxe5 Nc6 3. Nf3 Qe7 4. g3 Nxe5 5. Bg2 h5 6. h4 {A40: Unusual replies to 1 d4.} Nxf3+ 7. Bxf3 Nf6 8. O-O {White is slightly better.} c6 {[#]} 9. Nc3 $146 ({Predecessor:} 9. c4 d6 10. Bg5 Be6 11. Qa4 Qc7 12. Nc3 Nd7 13. b3 f6 14. Be3 a6 15. Rac1 {1-0 (27) Tymura,A (2132)-Kurth,M Kiel 2003}) 9... d5 {[#]} 10. e4 $1 {[%mdl 512]} Bh3 (10... dxe4 $14 11. Re1 Be6 12. Nxe4 Nxe4) 11. Re1 $18 {[%cal Re4d5]} d4 12. Ne2 ({Much less strong is} 12. Qxd4 $6 Ng4) 12... O-O-O {[#]} 13. Nf4 (13. Bg5 $1 $18 {and the rest is easy. Black must now prevent Nf4.} Bg4 14. Bxg4+ hxg4 15. Nxd4) 13... Bg4 $16 14. a4 g5 (14... Bxf3 $14 15. Qxf3 Nd7) 15. hxg5 Bxf3 16. Qxf3 Ng4 (16... Nd7 $16 {was called for.}) 17. Nxh5 $2 (17. Nd3 $18) 17... Rxh5 $2 {[%mdl 8192]} (17... Ne5 $14 18. Qe2 d3 19. cxd3 Nxd3) 18. Qxg4+ $18 {[%mdl 64] Double Attack. White is clearly winning.} Kb8 19. Qxh5 Qb4 20. Kg2 Bc5 21. Qxf7 Qxe1 22. Bf4+ {[%mdl 64] Discovered Attack. Accuracy: White = 51%, Black = 28%.} 1-0

[Event "Stay Safe Play From Home 241"]
[Site "Emanuel Lasker Arena"]
[Date "2020.06.21"]
[Round "1"]
[White "SoulofWolf"]
[Black "Trotsky"]
[Result "1-0"]
[WhiteElo "2101"]
[BlackElo "1544"]
[Annotator "TA"]
[PlyCount "27"]
[EventDate "2020.06.21"]
[EventType "swiss (blitz)"]

{[%evp 9,27,0,0,-9,47,0,29,26,42,-10,222,211,207,-8,235,206,235,213,1214,1182]} 1. d4 d5 2. Nf3 e6 3. Bg5 f6 4. Bh4 c5 5. c3 Nc6 6. e3 {D02: 1 d4 d5 2 Nf3 sidelines, including 2...Nf6 3 g3 and 2...Nf6 3 Bf4.} c4 (6... Bd6 $11) 7. Nbd2 {[#]} g5 $146 ({Predecessor:} 7... Nge7 8. e4 Ng6 9. Bg3 Bd6 10. Qc2 Bxg3 11. hxg3 Qe7 12. O-O-O f5 13. exd5 exd5 {1-0 (31) Pomar Mir,F (1777)-Bujosa Mas,M (1423) Campos 2016}) 8. Bg3 $1 {White has an edge.} h5 9. h4 ({White should try} 9. h3 $1 $14) 9... Bd6 $2 {[#]} (9... g4 $11 10. Ng1 b5) 10. Bxd6 $18 Qxd6 11. a4 $2 ({Only move:} 11. hxg5 $18 {aiming for b3.} Qe7 12. Qc2) 11... Nh6 $2 (11... g4 $11 12. Ng1 Bd7) 12. hxg5 Ng4 13. Qc2 Rh6 $2 {[#]} (13... Qe7 14. gxf6 Qxf6) 14. gxh6 {Accuracy: White = 53%, Black = 11%.} 1-0

[Event "Stay Safe Play From Home 241"]
[Site "Emanuel Lasker Arena"]
[Date "2020.06.21"]
[Round "1"]
[White "Haris kollari 13"]
[Black "Broken sword"]
[Result "0-1"]
[WhiteElo "1717"]
[BlackElo "2374"]
[Annotator "NA RC"]
[PlyCount "64"]
[EventDate "2020.06.21"]
[EventType "swiss (blitz)"]

1. e4 {[%emt 0:00:01]} c5 {[%emt 0:00:01]} 2. f4 {[%emt 0:00:01]} e6 {[%emt 0:00:00]} 3. Nf3 {[%emt 0:00:01]} a6 {[%emt 0:00:00]} 4. d4 {[%emt 0:00:02]} cxd4 {[%emt 0:00:01]} 5. Nxd4 {[%emt 0:00:01]} d5 {[%emt 0:00:00]} 6. e5 {[%emt 0:00:01]} Nc6 {[%emt 0:00:00]} 7. c3 {[%emt 0:00:01]} Nge7 {[%emt 0:00:02]} 8. Be3 {[%emt 0:00:02]} Nxd4 {[%emt 0:00:01]} 9. cxd4 {[%emt 0:00:01]} Nf5 {[%emt 0:00:00]} 10. Bf2 {[%emt 0:00:01]} Qb6 {[%emt 0:00:00]} 11. Qd2 {[%emt 0:00:06]} h5 {[%emt 0:00:05]} 12. Nc3 {[%emt 0:00:02]} Bd7 {[%emt 0:00:01]} 13. Be2 {[%emt 0:00:03]} Rc8 {[%emt 0:00:01]} 14. O-O {[%emt 0:00:02]} h4 {[%emt 0:00:02]} 15. Rfd1 {[%emt 0:00:04]} Be7 {[%emt 0:00:01]} 16. Bg4 {[%emt 0:00:01]} g6 {[%emt 0:00:01]} 17. a3 {[%emt 0:00:02]} Qc7 {[%emt 0:00:03]} 18. Rac1 {[%emt 0:00:02]} Qd8 {[%emt 0:00:01]} 19. b4 {[%emt 0:00:07]} b5 {[%emt 0:00:01]} 20. Ne2 {[%emt 0:00:03]} Rc4 {[%emt 0:00:01]} 21. Rxc4 {[%emt 0:00:04]} bxc4 {[%emt 0:00:00]} 22. Qc2 {[%emt 0:00:04]} Qb6 {[%emt 0:00:03]} 23. Nc3 {[%emt 0:00:01]} Qb7 {[%emt 0:00:02]} 24. Bxf5 {[%emt 0:00:01]} gxf5 {[%emt 0:00:01]} 25. Rb1 {[%emt 0:00:02]} h3 {[%emt 0:00:01]} 26. g3 {[%emt 0:00:02]} Rg8 {[%emt 0:00:00]} 27. a4 {[%emt 0:00:01]} Kf8 {[%emt 0:00:01]} 28. b5 {[%emt 0:00:01]} axb5 {[%emt 0:00:01]} 29. axb5 {[%emt 0:00:01]} Kg7 {[%emt 0:00:02]} 30. Qa4 {[%emt 0:00:01]} Ra8 {[%emt 0:00:01]} 31. Qc2 {[%emt 0:00:01]} Bd8 {[%emt 0:00:04]} 32. Ne2 {[%emt 0:00:01] .} Qa7 {[%emt 0:00:02] Time (Lag: Av=0.37s, max=1.1s)} 0-1

[Event "Stay Safe Play From Home 241"]
[Site "Emanuel Lasker Arena"]
[Date "2020.06.21"]
[Round "1"]
[White "Pedrorojas"]
[Black "Don59as"]
[Result "0-1"]
[WhiteElo "1487"]
[BlackElo "2102"]
[Annotator "NA RC"]
[PlyCount "56"]
[EventDate "2020.06.21"]
[EventType "swiss (blitz)"]

1. d4 {[%emt 0:00:03]} d5 {[%emt 0:00:02]} 2. Bf4 {[%emt 0:00:02]} e6 {[%emt 0:00:01]} 3. e3 {[%emt 0:00:01]} Nf6 {[%emt 0:00:01]} 4. c4 {[%emt 0:00:03]} Be7 {[%emt 0:00:01]} 5. Nc3 {[%emt 0:00:01]} O-O {[%emt 0:00:01]} 6. Be2 {[%emt 0:00:04]} a6 {[%emt 0:00:01]} 7. a3 {[%emt 0:00:02]} dxc4 {[%emt 0:00:01]} 8. Bxc4 {[%emt 0:00:04]} b5 {[%emt 0:00:01]} 9. Bb3 {[%emt 0:00:02]} Bb7 {[%emt 0:00:01]} 10. Nf3 {[%emt 0:00:03]} Nbd7 {[%emt 0:00:01]} 11. h4 {[%emt 0:00:01]} c5 {[%emt 0:00:01]} 12. h5 {[%emt 0:00:04]} h6 {[%emt 0:00:05]} 13. Rh3 {[%emt 0:00:05]} cxd4 {[%emt 0:00:07]} 14. exd4 {[%emt 0:00:02]} Nb6 {[%emt 0:00:05]} 15. Qd2 {[%emt 0:00:09]} Nc4 {[%emt 0:00:25]} 16. Bxc4 {[%emt 0:00:02]} bxc4 {[%emt 0:00:00]} 17. O-O-O {[%emt 0:00:01]} Ne4 {[%emt 0:00:00]} 18. Nxe4 {[%emt 0:00:02]} Bxe4 {[%emt 0:00:00]} 19. Qe3 {[%emt 0:00:06]} Bxf3 {[%emt 0:00:00]} 20. Rxf3 {[%emt 0:00:01]} Bg5 {[%emt 0:00:00]} 21. Bxg5 {[%emt 0:00:01]} Qxg5 {[%emt 0:00:00]} 22. Qxg5 {[%emt 0:00:00]} hxg5 {[%emt 0:00:00]} 23. Rg3 {[%emt 0:00:00]} f6 {[%emt 0:00:00]} 24. Rxg5 {[%emt 0:00:01]} Kf7 {[%emt 0:00:00]} 25. f4 {[%emt 0:00:00]} Rfd8 {[%emt 0:00:01]} 26. Rg6 {[%emt 0:00:00]} Rxd4 {[%emt 0:00:02]} 27. Rh1 {[%emt 0:00:00]} Rad8 {[%emt 0:00:01]} 28. g3 {[%emt 0:00:00]} Rd2 {[%emt 0:00:01] Tiempo (Lag: Av=1.14s, max=2.0s)} 0-1

[Event "Stay Safe Play From Home 241"]
[Site "Emanuel Lasker Arena"]
[Date "2020.06.21"]
[Round "2"]
[White "Mepe_Nika"]
[Black "SoulofWolf"]
[Result "1-0"]
[WhiteElo "2376"]
[BlackElo "2103"]
[Annotator "TA"]
[PlyCount "125"]
[EventDate "2020.06.21"]
[EventType "swiss (blitz)"]

{[%evp 9,125,23,22,-6,11,13,13,-17,-6,-59,18,17,52,29,50,22,68,12,80,46,42,46,42,36,60,21,92,87,133,133,200,75,77,0,0,0,639,648,628,541,631,552,555,552,552,548,540,536,634,581,745,743,754,748,735,604,877,868,6024,6024,4882,1479,29979,29980,29980,29981,29981,29982,29991,29991,29991,29991,29994,29988,29988,29989,29990,29991,29992,29993,29993,29994,29994,29995,29995,29989,29989,29990,29990,29991,29991,29991,29992,29993,29993,29994,29994,29990,29990,29991,29991,29992,29992,29993,29993,29993,29993,29993,29993,29994,29994,29994,29994,29995,29995,29996,29996,29997]} 1. d4 e6 2. Bf4 c5 3. c3 d5 4. e3 Bd6 5. Bxd6 Qxd6 6. Nd2 {[#] A40: Unusual replies to 1 d4.} Ne7 $146 ({Predecessor:} 6... Nf6 7. Bd3 Nc6 8. Ngf3 e5 9. dxe5 Nxe5 10. Nxe5 Qxe5 11. Nf3 Qc7 12. O-O O-O 13. h3 Ne4 14. Qc2 f5 15. Rad1 b6 {0-1 (15) Kostic,M (1718)-Mijovic,C (2015) Paracin 2013}) 7. Ngf3 O-O 8. Ne5 {The position is equal.} Nd7 9. f4 (9. Nxd7 $11 Bxd7 10. Be2) 9... Ng6 (9... cxd4 $15 10. cxd4 f6 11. Nxd7 Bxd7) 10. Bd3 c4 11. Bc2 b5 12. O-O a5 13. a3 ({White should try} 13. Ndf3 $14) 13... Re8 (13... Ne7 $11) 14. Qf3 Bb7 15. Nxd7 Qxd7 16. g4 f5 17. h3 h6 (17... Bc6 $11 {remains equal.}) 18. Qg3 $16 Kh7 19. Nf3 Re7 (19... b4 $16) 20. gxf5 (20. Rf2 $18) 20... exf5 21. Ne5 (21. Rf2 $16) 21... Nxe5 $11 22. fxe5 Re6 $2 {[%mdl 8192] White leaves nothing to chance now.} (22... g6 $11) 23. Bxf5+ $18 {[%mdl 64] Double Attack} Kh8 24. Kh2 Rae8 25. Qg4 Bc8 26. Bxe6 Qxe6 27. Qxe6 Bxe6 {[%mdl 4096] Endgame KRR-KRB} 28. Rf4 g6 29. Raf1 Kg7 30. Rf6 Re7 31. h4 Bf5 32. Rg1 Kh7 {[#]} 33. h5 $1 Rg7 (33... gxh5 34. Rxf5) 34. e6 Be4 35. hxg6+ (35. Rf7 $142 Kg8 36. Rxg7+ Kxg7 37. e7) 35... Rxg6 36. Rgxg6 {White mates.} Bxg6 {KR-KB} 37. e7 Kg7 38. Rxg6+ {[%mdl 64] Remove Defender, Promotion} Kxg6 39. e8=Q+ {[%mdl 64] Double Attack} Kf5 40. Qh5+ Ke4 41. Qxh6 Kd3 42. Qg5 Kc2 43. Qxd5 Kxb2 44. Qxb5+ {[%mdl 64] Double Attack} Kxc3 45. d5 Kd3 46. d6 a4 {[#]} 47. Qxc4+ $3 {[%mdl 64] Promotion} Kxc4 {KP-KP} 48. d7 Kb3 49. d8=Q Kxa3 50. e4 Kb2 51. e5 a3 52. e6 a2 53. Qh8+ Kb1 54. e7 a1=Q 55. Qxa1+ Kxa1 56. e8=Q Kb1 57. Qc6 Kb2 58. Qc4 Ka3 59. Qb5 Ka2 60. Qb4 Ka1 61. Kg2 Ka2 62. Kf2 Ka1 63. Ke2 {Accuracy: White = 58%, Black = 35%.} 1-0

[Event "Stay Safe Play From Home 241"]
[Site "Emanuel Lasker Arena"]
[Date "2020.06.21"]
[Round "2"]
[White "Don59as"]
[Black "Broken sword"]
[Result "0-1"]
[WhiteElo "2103"]
[BlackElo "2375"]
[Annotator "NA RC"]
[PlyCount "178"]
[EventDate "2020.06.21"]
[EventType "swiss (blitz)"]

1. c4 {[%emt 0:00:01]} c6 {[%emt 0:00:01]} 2. Nc3 {[%emt 0:00:00]} d5 {[%emt 0:00:00]} 3. e3 {[%emt 0:00:01]} Nf6 {[%emt 0:00:00]} 4. cxd5 {[%emt 0:00:00]} cxd5 {[%emt 0:00:01]} 5. Nf3 {[%emt 0:00:00]} Nc6 {[%emt 0:00:00]} 6. Be2 {[%emt 0:00:00]} Bg4 {[%emt 0:00:01]} 7. O-O {[%emt 0:00:00]} e6 {[%emt 0:00:01]} 8. d4 {[%emt 0:00:01]} Bd6 {[%emt 0:00:02]} 9. h3 {[%emt 0:00:01]} Bh5 {[%emt 0:00:01]} 10. a3 {[%emt 0:00:01]} Rc8 {[%emt 0:00:02]} 11. b4 {[%emt 0:00:01]} Bb8 {[%emt 0:00:01]} 12. Bb2 {[%emt 0:00:02]} Qc7 {[%emt 0:00:00]} 13. g3 {[%emt 0:00:01]} a6 {[%emt 0:00:03]} 14. Nh2 {[%emt 0:00:01]} Bg6 {[%emt 0:00:02]} 15. Rc1 {[%emt 0:00:02]} Qd6 {[%emt 0:00:01]} 16. f4 {[%emt 0:00:02]} Ne4 {[%emt 0:00:02]} 17. Nxe4 {[%emt 0:00:01]} Bxe4 {[%emt 0:00:00]} 18. Bf3 {[%emt 0:00:01]} Bg6 {[%emt 0:00:01]} 19. Ng4 {[%emt 0:00:01]} O-O {[%emt 0:00:01]} 20. Ne5 {[%emt 0:00:01]} Bf5 {[%emt 0:00:00]} 21. Qd2 {[%emt 0:00:02]} f6 {[%emt 0:00:01]} 22. Nxc6 {[%emt 0:00:02]} Rxc6 {[%emt 0:00:00]} 23. g4 {[%emt 0:00:00]} Bg6 {[%emt 0:00:01]} 24. Rf2 {[%emt 0:00:01]} Rfc8 {[%emt 0:00:02]} 25. Rxc6 {[%emt 0:00:01]} Rxc6 {[%emt 0:00:01]} 26. Kg2 {[%emt 0:00:02]} Be8 {[%emt 0:00:00]} 27. Qd1 {[%emt 0:00:02]} Rc8 {[%emt 0:00:01]} 28. Rc2 {[%emt 0:00:01]} Rc6 {[%emt 0:00:03]} 29. Qc1 {[%emt 0:00:01]} Bc7 {[%emt 0:00:01]} 30. Rc5 {[%emt 0:00:01]} Bb6 {[%emt 0:00:01]} 31. Rxc6 {[%emt 0:00:00]} Bxc6 {[%emt 0:00:00]} 32. Qc3 {[%emt 0:00:02]} Bb5 {[%emt 0:00:01]} 33. h4 {[%emt 0:00:02]} Bc4 {[%emt 0:00:01]} 34. g5 {[%emt 0:00:01]} f5 {[%emt 0:00:01]} 35. h5 {[%emt 0:00:01]} Qc6 {[%emt 0:00:01]} 36. g6 {[%emt 0:00:02]} hxg6 {[%emt 0:00:01]} 37. hxg6 {[%emt 0:00:00]} Bd8 {[%emt 0:00:00]} 38. Qe1 {[%emt 0:00:02]} Qe8 {[%emt 0:00:02]} 39. Qg3 {[%emt 0:00:01]} Bf6 {[%emt 0:00:01]} 40. Bh5 {[%emt 0:00:01]} Kf8 {[%emt 0:00:02]} 41. Bc1 {[%emt 0:00:01]} Ke7 {[%emt 0:00:00]} 42. Bd2 {[%emt 0:00:01]} Kd7 {[%emt 0:00:00]} 43. Bf3 {[%emt 0:00:01]} Qc8 {[%emt 0:00:01]} 44. Qe1 {[%emt 0:00:00]} Qc6 {[%emt 0:00:01]} 45. Qc1 {[%emt 0:00:01]} Bb5 {[%emt 0:00:00]} 46. Qc3 {[%emt 0:00:00]} Qxc3 {[%emt 0:00:01]} 47. Bxc3 {[%emt 0:00:00]} Kd6 {[%emt 0:00:00]} 48. Kg3 {[%emt 0:00:00]} Be8 {[%emt 0:00:00]} 49. Bh5 {[%emt 0:00:01]} Kc6 {[%emt 0:00:00]} 50. Be1 {[%emt 0:00:00]} Kb6 {[%emt 0:00:00]} 51. Kh3 {[%emt 0:00:00]} Bc6 {[%emt 0:00:01]} 52. Bh4 {[%emt 0:00:00]} Bxh4 {[%emt 0:00:00]} 53. Kxh4 {[%emt 0:00:01]} Kc7 {[%emt 0:00:00]} 54. Kg5 {[%emt 0:00:01]} Kd6 {[%emt 0:00:00]} 55. Bf3 {[%emt 0:00:00]} Bb5 {[%emt 0:00:00]} 56. Bd1 {[%emt 0:00:01]} Bc4 {[%emt 0:00:00]} 57. Bc2 {[%emt 0:00:01]} Kc6 {[%emt 0:00:01]} 58. Bxf5 {[%emt 0:00:01]} exf5 {[%emt 0:00:00]} 59. Kxf5 {[%emt 0:00:00]} Kd6 {[%emt 0:00:00]} 60. Kg5 {[%emt 0:00:01]} Bd3 {[%emt 0:00:01]} 61. f5 {[%emt 0:00:00]} Ke7 {[%emt 0:00:00]} 62. Kf4 {[%emt 0:00:02]} Kf6 {[%emt 0:00:00]} 63. a4 {[%emt 0:00:00]} Bxf5 {[%emt 0:00:01]} 64. a5 {[%emt 0:00:00]} Bxg6 {[%emt 0:00:01]} 65. Kg4 {[%emt 0:00:01]} Be4 {[%emt 0:00:00]} 66. Kf4 {[%emt 0:00:00]} g5+ {[%emt 0:00:01]} 67. Kg4 {[%emt 0:00:00]} Kg6 {[%emt 0:00:00]} 68. Kg3 {[%emt 0:00:01]} Kf5 {[%emt 0:00:00]} 69. Kf2 {[%emt 0:00:00]} g4 {[%emt 0:00:01]} 70. Kg3 {[%emt 0:00:00]} Kg5 {[%emt 0:00:00]} 71. Kf2 {[%emt 0:00:01]} Kh4 {[%emt 0:00:00]} 72. Kg1 {[%emt 0:00:01]} g3 {[%emt 0:00:00]} 73. b5 {[%emt 0:00:01]} Kg4 {[%emt 0:00:00]} 74. bxa6 {[%emt 0:00:01]} bxa6 {[%emt 0:00:00]} 75. Kf1 {[%emt 0:00:01]} Kf3 {[%emt 0:00:00]} 76. Kg1 {[%emt 0:00:00]} Kxe3 {[%emt 0:00:00]} 77. Kf1 {[%emt 0:00:01]} Kxd4 {[%emt 0:00:00]} 78. Kg1 {[%emt 0:00:00]} Kc5 {[%emt 0:00:00]} 79. Kf1 {[%emt 0:00:00]} Kb5 {[%emt 0:00:00]} 80. Kg1 {[%emt 0:00:00]} Kxa5 {[%emt 0:00:00]} 81. Kf1 {[%emt 0:00:00]} Kb4 {[%emt 0:00:00]} 82. Ke2 {[%emt 0:00:00]} Kc3 {[%emt 0:00:00]} 83. Ke1 {[%emt 0:00:00]} a5 {[%emt 0:00:00]} 84. Kd1 {[%emt 0:00:00]} a4 {[%emt 0:00:00]} 85. Ke2 {[%emt 0:00:00]} a3 {[%emt 0:00:00]} 86. Kd1 {[%emt 0:00:00]} a2 {[%emt 0:00:00]} 87. Ke2 {[%emt 0:00:00]} Kb2 {[%emt 0:00:01]} 88. Ke3 {[%emt 0:00:00]} a1=Q {[%emt 0:00:01]} 89. Kd4 {[%emt 0:00:00]} Qc1 {[%emt 0:00:00] Time (Lag: Av=0.50s, max=1.2s)} 0-1

[Event "Stay Safe Play From Home 241"]
[Site "Emanuel Lasker Arena"]
[Date "2020.06.21"]
[Round "2"]
[White "Haris kollari 13"]
[Black "Pedrorojas"]
[Result "1-0"]
[WhiteElo "1716"]
[BlackElo "1484"]
[Annotator "NA RC"]
[PlyCount "63"]
[EventDate "2020.06.21"]
[EventType "swiss (blitz)"]

1. e4 {[%emt 0:00:01]} c5 {[%emt 0:00:02]} 2. f4 {[%emt 0:00:01]} e6 {[%emt 0:00:00]} 3. Nf3 {[%emt 0:00:00]} Nc6 {[%emt 0:00:04]} 4. d4 {[%emt 0:00:01]} cxd4 {[%emt 0:00:00]} 5. Nxd4 {[%emt 0:00:00]} Be7 {[%emt 0:00:02]} 6. c3 {[%emt 0:00:01]} Nf6 {[%emt 0:00:02]} 7. Bd3 {[%emt 0:00:03]} O-O {[%emt 0:00:01]} 8. h3 {[%emt 0:00:01]} d5 {[%emt 0:00:02]} 9. e5 {[%emt 0:00:01]} Nd7 {[%emt 0:00:03]} 10. O-O {[%emt 0:00:06]} Bc5 {[%emt 0:00:02]} 11. Be3 {[%emt 0:00:02]} Nb6 {[%emt 0:00:07]} 12. b4 {[%emt 0:00:06]} Bxd4 {[%emt 0:00:04]} 13. cxd4 {[%emt 0:00:01]} Nxb4 {[%emt 0:00:01]} 14. Be2 {[%emt 0:00:02]} Bd7 {[%emt 0:00:02]} 15. Nc3 {[%emt 0:00:02]} Rc8 {[%emt 0:00:01]} 16. Rb1 {[%emt 0:00:03]} Nc6 {[%emt 0:00:04]} 17. Nb5 {[%emt 0:00:01]} Qe7 {[%emt 0:00:04]} 18. Nd6 {[%emt 0:00:01]} Rc7 {[%emt 0:00:01]} 19. Bd3 {[%emt 0:00:01]} Nc8 {[%emt 0:00:04]} 20. Nxb7 {[%emt 0:00:03]} Rxb7 {[%emt 0:00:03]} 21. Rxb7 {[%emt 0:00:02]} Nb6 {[%emt 0:00:01]} 22. Bb5 {[%emt 0:00:03]} Qd8 {[%emt 0:00:01]} 23. Qc2 {[%emt 0:00:02]} Qc8 {[%emt 0:00:01]} 24. Bxc6 {[%emt 0:00:01]} Bxc6 {[%emt 0:00:01]} 25. Rxa7 {[%emt 0:00:01]} Rd8 {[%emt 0:00:03]} 26. Rc1 {[%emt 0:00:02]} Nc4 {[%emt 0:00:00]} 27. Bf2 {[%emt 0:00:02]} Qb8 {[%emt 0:00:01]} 28. Ra3 {[%emt 0:00:01]} Rc8 {[%emt 0:00:01]} 29. Rc3 {[%emt 0:00:01]} Qa7 {[%emt 0:00:03]} 30. Rxc4 {[%emt 0:00:01]} dxc4 {[%emt 0:00:00]} 31. Qxc4 {[%emt 0:00:00]} g6 {[%emt 0:00:02]} 32. Qb4 {[%emt 0:00:02] Tiempo (Lag: Av=1.06s, max=1.7s)} 1-0

[Event "Stay Safe Play From Home 241"]
[Site "Emanuel Lasker Arena"]
[Date "2020.06.21"]
[Round "2"]
[White "Trotsky"]
[Black "Konmos"]
[Result "0-1"]
[WhiteElo "1542"]
[BlackElo "1697"]
[Annotator "NA RC"]
[PlyCount "32"]
[EventDate "2020.06.21"]
[EventType "swiss (blitz)"]

1. d4 {[%emt 0:00:01]} e5 {[%emt 0:00:01]} 2. e3 {[%emt 0:00:00]} exd4 {[%emt 0:00:01]} 3. exd4 {[%emt 0:00:01]} c5 {[%emt 0:00:00]} 4. c4 {[%emt 0:00:01]} cxd4 {[%emt 0:00:00]} 5. Qxd4 {[%emt 0:00:01]} Nc6 {[%emt 0:00:00]} 6. Qd1 {[%emt 0:00:02]} Bb4+ {[%emt 0:00:02]} 7. Nc3 {[%emt 0:00:01]} d5 {[%emt 0:00:01]} 8. Be3 {[%emt 0:00:01]} d4 {[%emt 0:00:01]} 9. Bg5 {[%emt 0:00:07]} f6 {[%emt 0:00:02]} 10. Qe2+ {[%emt 0:00:03]} Kf7 {[%emt 0:00:03]} 11. O-O-O {[%emt 0:00:01]} Qa5 {[%emt 0:00:04]} 12. Nd5 {[%emt 0:00:03]} Qxa2 {[%emt 0:00:03]} 13. Qd3 {[%emt 0:00:09]} Nge7 {[%emt 0:00:08]} 14. Nf3 {[%emt 0:00:03]} Bf5 {[%emt 0:00:02]} 15. Ne5+ {[%emt 0:00:06]} Nxe5 {[%emt 0:00:03]} 16. Qg3 {[%emt 0:00:04]} Qb1# {[%emt 0:00:04] (Lag: Av=0.73s, max=1.1s)} 0-1

[Event "Stay Safe Play From Home 241"]
[Site "Emanuel Lasker Arena"]
[Date "2020.06.21"]
[Round "3"]
[White "Broken sword"]
[Black "Mepe_Nika"]
[Result "1-0"]
[WhiteElo "2381"]
[BlackElo "2382"]
[Annotator "TA"]
[PlyCount "151"]
[EventDate "2020.06.21"]
[EventType "swiss (blitz)"]

{[%evp 15,150,12,6,0,0,0,0,0,10,0,0,0,0,0,0,0,0,-39,87,87,96,85,137,65,96,12,47,30,173,31,185,-61,0,-53,0,0,62,62,66,60,67,0,75,90,88,-495,69,60,68,45,89,97,89,93,60,7,125,25,30,40,49,49,40,-29998,0,-84,66,0,0,-162,742,780,769,764,735,733,912,841,1149,993,1025,1004,1635,1504,1309,875,1951,0,1893,1793,29966,29963,12793,4667,2654,2095,6609,6357,5604,1408,29987,29988,29989,29990,29993,29992,29993,29993,29994,29995,29995,29993,29996,29995,29998,29993,29994,29993,29993,29993,29993,29993,29994,29994,29994,29995,29995,29996,29997,29997,29997,29997,29997,29998,29998,29999,29999]} 1. d4 d5 2. Nf3 Nf6 3. c4 c6 4. cxd5 cxd5 5. Nc3 Nc6 6. Bf4 a6 7. e3 Bg4 8. Be2 e6 9. Nd2 {D13: Slav Defence: Exchange variation without ...Bf5.} Bxe2 10. Qxe2 Be7 11. O-O {The position is equal.} O-O 12. Rfc1 {[#]} Rc8 $146 ({Predecessor:} 12... Nd7 13. Nb3 Na5 14. Nxa5 Qxa5 15. e4 Nf6 16. Be5 Rac8 17. a3 Nxe4 18. Nxe4 dxe4 19. Qxe4 {0-1 (35) Bogdan,D (2370)-Svetushkin,D (2542) Satu Mare 2019}) 13. Nb3 Ne4 14. Nxe4 dxe4 15. h3 Qd5 16. Bg3 Bd6 (16... Nb4 $15 {stays ahead.}) 17. Bxd6 $16 Qxd6 18. Nc5 Rc7 (18... e5 $142) 19. a3 (19. Nxe4 $16 Qd7 20. Rc5) 19... Rfc8 20. b4 (20. Nxe4 $16 Nxd4 21. Qe1 Rxc1 22. Nxd6 Rxe1+ 23. Rxe1) 20... Ne7 (20... b6 $5 {[%cal Rb6c5]}) 21. Qb2 Nd5 {[#]} (21... Qd5 $11 {and Black is okay.}) 22. Rab1 ({Don't do} 22. Nxe4 Qd7 $16) (22. Nxb7 $1 $18 {[%mdl 512]} Qb6 (22... Rxb7 23. Rxc8+) 23. Rxc7 Nxc7 24. Nc5) 22... f5 $2 {[#]} (22... Qc6 $14) 23. Nb3 $2 (23. Nxb7 $1 $18 {[%mdl 512]} Qe7 (23... Rxb7 24. Rxc8+) 24. Rxc7 Rxc7 25. Nc5) 23... h6 (23... b6 $1 $15) 24. Rc5 (24. Nc5 $11) 24... Kh7 (24... b6 $15 25. Rxc7 Rxc7) 25. Rbc1 $11 Rxc5 (25... b6 $11 26. Rxc7 Rxc7) 26. dxc5 $14 Qe7 27. Rd1 Rd8 28. Qe5 (28. Na5 $14) 28... Qf6 (28... Nxe3 $1 $11 29. Rxd8 Qxd8) 29. Qxf6 $16 gxf6 {[%mdl 4096] Endgame KRN-KRN} 30. Kf1 $2 {[%mdl 8192] [#]} (30. Rd4 $16 {and life is bright.}) 30... Kg6 $2 ({Black should try} 30... Nxe3+ $1 $19 {[%mdl 512]} 31. fxe3 Rxd1+ 32. Ke2 Rd3) 31. Ke1 $14 Kf7 32. Rd4 e5 33. Rd2 Ke6 {[#]} 34. Na5 $1 {[%cal Ra5b7]} Rd7 35. Nc4 (35. g4 $14) 35... Rg7 (35... h5 $11 {keeps the balance.}) 36. g3 (36. Nb6 $16 Nxb6 37. Rd6+ {[%mdl 64] Double Attack} Kf7 38. Rxb6) 36... f4 $11 37. exf4 exf4 38. g4 h5 39. gxh5 $2 {[%mdl 8192]} (39. Rd4 $14) 39... f3 $2 (39... Rg1+ {mates} 40. Ke2 f3#) 40. Kd1 {[#]} (40. Rd4 $11 f5 41. h6 Rg1+ 42. Kd2) 40... Nf4 (40... Rg2 $1 $17) 41. Kc2 ({White should play} 41. h6 $14 Rh7 42. Rd4 Nxh3 43. Rxe4+ Kd5 44. Rh4 Nxf2+ 45. Kd2) 41... Nd3 42. Ne3 $2 (42. Kc3 $11) 42... Rg2 $4 {[%mdl 8192]} (42... Rh7 $19 43. Nc4 f5) 43. Nxg2 $18 fxg2 {KR-KN} 44. Rd1 Nf4 45. Rg1 Nxh5 46. Rxg2 Nf4 47. Rg4 Nxh3 48. Rxe4+ Kd5 49. Re2 f5 50. Rd2+ Kc4 51. Re2 $2 (51. Rd7 $18 Nxf2 52. Rxb7) 51... Kb5 $2 {[%mdl 8192]} (51... Kd5 $11 52. Rd2+ Kc6 53. Rd6+ Kc7) 52. Re5 Nxf2 53. Rxf5 Ng4 54. Rf7 (54. Rg5 $142 Nh2 55. Rg6) 54... Kc6 55. Rg7 {White wants to mate with Rg6+.} Ne3+ 56. Kd3 Nf5 57. Rf7 Nh6 58. Rf6+ {[%mdl 64] Double Attack. White mates.} Kc7 59. Rxh6 {KR-KPP} b5 60. Rb6 a5 61. Kd4 a4 62. Kd5 Kd7 63. Rxb5 {KR-KP} Kc7 64. Rb6 Kc8 65. Kc4 Kc7 66. Kb5 Kd7 67. Kxa4 {KR-K} Kc7 68. Kb5 Kc8 69. a4 Kd7 70. a5 Kc7 71. a6 Kc8 72. a7 Kc7 73. Kc4 Kd7 74. a8=Q Kc7 75. Qa7+ Kc8 76. Rb8# {Accuracy: White = 50%, Black = 32%.} 1-0